000 01833nam0a2200337 i 4500
001 RU\NLR\BIBL_A\010458707
005 20240921222424.0
010 _a9785905894503
_950
021 _aRU
_b2014-48189
_92914
035 _a(NILC)RuMoRGB-007517820
035 _a(NLR Aleph) 010458707
090 _a9964269
_c9964269
100 _a20140905d2013 k y0rusy50 ca
101 0 _arus
_deng
102 _aRU
105 _ay|||z|||001yy
200 1 _aАктуальные проблемы публичного права
_eсборник научных трудов
_fМ-во образования и науки Рос. Федерации, Владим. гос. ун-т им. Александра Григорьевича и Николая Григорьевича Столетовых, Каф. уголов.-правовые дисциплины
_g[редкол.: к.ю.н., доц. О.Н. Дядькин, к.ю.н. А.В. Звонов]
210 _aВладимир
_cВИТ-принт
_d2013
215 _a185 с.
_d20
300 _aРез. на англ. яз.
320 _aБиблиогр. в конце ст. и в подстроч. примеч.
606 1 _aПубличное право
_jСборники
_yРоссийская Федерация
_92620421
_3RU\NLR\AUTH\661556981
686 1 _aХ62я43
702 1 _aДядькин
_bО. Н.
_gОлег Николаевич
_4340
712 0 2 _4570
_aВладимирский государственный университет им. А. Г. и Н. Г. Столетовых
_bКафедра уголовно-правовых дисциплин
_9422719
_3RU\NLR\AUTH\880378198
801 0 _aRU
_bРГБ
_c20140709
_gRCR
801 1 _aRU
_bРГБ
_c20140709
_2rusmarc
942 _cBOOK
980 _aNBR